|
|
|
|
| LEADER |
00000nam0a2200000 4500 |
| 001 |
351441 |
| 005 |
20231102010414.0 |
| 035 |
|
|
|a (RuTPU)RU\TPU\retro\6473
|
| 090 |
|
|
|a 351441
|
| 100 |
|
|
|a 20190605d1938 m y0rusy50 ca
|
| 101 |
0 |
|
|a rus
|
| 102 |
|
|
|a RU
|
| 105 |
|
|
|a a j 001zy
|
| 200 |
1 |
|
|a Электрические источники света
|h Ч. 1
|i Лампы накаливания
|e учебное пособие для втузов
|f А. П. Иванов
|
| 210 |
|
|
|a Москва
|a Ленинград
|c ГОНТИ
|c Редакция энергетической литературы
|d 1938
|
| 215 |
|
|
|a 356 с.
|c ил.
|
| 316 |
|
|
|5 63413507: КР-6540
|a На переднем форзаце владельческая подпись: "А. Воробьев"
|
| 317 |
|
|
|5 63413507: КР-6540
|a Поступила в НТБ в 1987 г. в дар от вдовы ученого Е. К. Завадовской
|
| 320 |
|
|
|a Предметный указатель: с. 352-356
|
| 606 |
1 |
|
|a Электрические источники света
|2 stltpush
|3 (RuTPU)RU\TPU\subj\26955
|9 50782
|
| 610 |
1 |
|
|a свойства
|
| 610 |
1 |
|
|a радиация
|
| 610 |
1 |
|
|a энергетические характеристики
|
| 610 |
1 |
|
|a тепловое излучение
|
| 610 |
1 |
|
|a лампы накаливания
|
| 610 |
1 |
|
|a энергетический баланс
|
| 610 |
1 |
|
|a срок службы
|
| 610 |
1 |
|
|a тело накала
|
| 610 |
1 |
|
|a расчет
|
| 610 |
1 |
|
|a учебные пособия
|
| 610 |
1 |
|
|a библиотека А. А. Воробьева
|
| 610 |
1 |
|
|a владельческая надпись
|
| 675 |
|
|
|a 621.32(075.8)
|v 4
|
| 700 |
|
1 |
|a Иванов
|b А. П.
|
| 801 |
|
1 |
|a RU
|b 63413507
|c 20190605
|
| 801 |
|
2 |
|a RU
|b 63413507
|c 20200110
|g RCR
|
| 942 |
|
|
|c BK
|